Juegos florales en Molins de Rey : actuó de mantenedor el Presidente de la Diputación, señor Buxó, quién pronunció un brillante discurso actuó de mantenedor el Presidente de la Diputación, señor Buxó, quién pronunció un brillante discurso
Colección:
San Jorge,
; núm. 3 (juliol 1951), pàg. 59-60
Idioma:
Español
MARC
| LEADER | 00000naa a2200000 a 4500 | ||
|---|---|---|---|
| 003 | Arxiu | ||
| 005 | 20260324181031.0 | ||
| 008 | 160829s1951 spc xx s spa c | ||
| 040 | |a agdb | ||
| 245 | 0 | 0 | |a Juegos florales en Molins de Rey : |b actuó de mantenedor el Presidente de la Diputación, señor Buxó, quién pronunció un brillante discurso |
| 490 | |a San Jorge, |v núm. 3 (juliol 1951), pàg. 59-60 | ||
| 650 | 0 | |a Jocs Florals |9 29265 |z Molins de Rei (Catalunya) | |
| 710 | 1 | |9 54218 |a Barcelona (Catalunya : Província). |b President (1949-1967 : Buxó de Abaigar) | |
| 773 | |t San Jorge. |g Núm. 3 (juliol 1951), pàg. 59-60 | ||
| 901 | |a Arxiu | ||
| 942 | |n 1 |2 udc |c ART | ||
| 952 | |0 0 |1 0 |4 0 |6 REV508 |7 1 |9 64707 |a Arxiu |b Arxiu |d 2022-12-12 |l 0 |o Rev-508 |r 2022-12-12 00:00:00 |w 2022-12-12 |y ARXIU | ||
| 999 | |c 47772 |d 47772 | ||